Výskum zahraničného trhu ako predpoklad úspešného vstupu na tento trh

Výskum trhu v medzinárodnom prostredí. Prístup k analýze zahraničného trhu z rôznych hľadísk. Postupnosť krokov výskumu trhu. Prístupy k identifikácii jednotlivých typov výskumov na zahraničnom trhu. Uskutočňovanie výskumu trhu v reálnych trhových podmienkach.

Salvato in:
Dettagli Bibliografici
Autore principale: Gofusová, Katarína, 1977-
Altri autori: Chapčáková, Alexandra
Natura: Capitolo di libro
Lingua:slovacco
Soggetti:
Tags: Aggiungi Tag
Nessun Tag, puoi essere il primo ad aggiungerne!!

MARC

LEADER 00000naa$a2200000$$$4500
001 0001684
005 20231004075928.2
041 0 |a slo 
044 |a CZ 
245 1 0 |a Výskum zahraničného trhu ako predpoklad úspešného vstupu na tento trh  |c Katarína Gofusová, Alexandra Chapčáková 
520 |a Výskum trhu v medzinárodnom prostredí. Prístup k analýze zahraničného trhu z rôznych hľadísk. Postupnosť krokov výskumu trhu. Prístupy k identifikácii jednotlivých typov výskumov na zahraničnom trhu. Uskutočňovanie výskumu trhu v reálnych trhových podmienkach. 
610 2 0 |a výskum trhu 
610 2 0 |a trh zahraničný 
610 2 0 |a analýza trhu 
100 1 |a Gofusová, Katarína, 1977- 
700 1 |a Chapčáková, Alexandra